MDQL
is popping MORE tags! Check the
thread
!
Quizzes
Events
Quiz Creation
Community
Videos
Private Events
Remove Ads
Sign In
Join for FREE
Feedback
Dark Mode
Quiz Categories
Sports
Geography
Music
Movies
Television
Just For Fun
Miscellaneous
History
Literature
Language
Science
Gaming
Entertainment
Religion
Holiday
For Kids
Quiz Lab
Recent
Popular Today
Quiz Kudos Today
Editor Picks
Curator Picks
Quizzes by...
Day
Popularity
Type
Ratings
Length
Year
Community
Subscriptions
Recent Discussions
Orange Saloon
Badges
Playlists
Quests
Create
Leaderboards
Showdown
Live 5
Trivia Bingo
Activity
Puzzle Library
Sporcle Events
Private Events
Virtual Trivia
Globe League
Become a Host
Pub Owners
SporcleCon
Opinionation
Our Games
Videos
Blog
Mobile Apps
Partnerships
Remove Ads and Go Orange
Feedback
Sports
Athletes
MLB
NBA
NHL
NFL
Soccer
Sports Teams
WWE
NCAA
Football
Premier League
Basketball
Baseball
Hockey
Golf
Tennis
Cricket
Rugby
Auto Racing
Olympics
World Cup
Sports
Athletes
MLB
NBA
NHL
NFL
Soccer
Sports Teams
WWE
NCAA
Football
Premier League
Basketball
Baseball
Hockey
Golf
Tennis
Cricket
Rugby
Auto Racing
Olympics
World Cup
Random Quiz
Search Sporcle
×
Quiz Lab
Quiz Lab
Sports
NFL
Type in answers that appear in a list
Type in answers that appear in a list
Classic
Best Score? Go Orange.
Can you name all the NFL teams? Stats
Can you name the Can you name all the NFL teams?
By
adinse
10m
32 Questions
95 Plays
95 Plays
95 Plays
Comments
Comments
Give Quiz Kudos
Give Quiz Kudos
-
- Ratings
hide this ad
More Info
Replay
Link that replays current quiz
Next Quiz
Link to next quiz in quiz playlist
You Got
0%
They Got
Avg Score
88%
Avg Friend Score
Upgrade to see
Score Distribution
Jump to the score distribution portion of the page
Score
0/32
Timer
10:00
0
Plays Today
% Correct
Dallas Cowboys
94.7%
New England Patriots
94.7%
San Francisco 49ers
93.7%
Cleveland Browns
93.7%
New York Giants
93.7%
Philadelphia Eagles
92.6%
Green Bay Packers
92.6%
Houston Texans
92.6%
Seattle Seahawks
91.6%
Tampa Bay Buccaneers
90.5%
Washington Redskins
90.5%
St Louis Rams
90.5%
Chicago Bears
89.5%
Arizona Cardinals
88.4%
New York Jets
88.4%
Oakland Raiders
88.4%
% Correct
Kansas City Chiefs
87.4%
Miami Dolphins
87.4%
Atlanta Falcons
87.4%
Pittsburgh Steelers
87.4%
Cincinnati Bengals
86.3%
Minnesota Vikings
86.3%
San Diego Chargers
85.3%
Denver Broncos
84.2%
Detroit Lions
84.2%
Caroline Panthers
84.2%
Baltimore Ravens
84.2%
Tennessee Titans
84.2%
Indianapolis Colts
83.2%
Jacksonville Jaguars
82.1%
New Orleans Saints
81.1%
Buffalo Bills
80%
Quiz Playlist
Details
Report
Send in Message
Add To Playlist
More Info:
My personal team is the Chicago Bears! :)
Classic:
Type in answers that appear in a list
Last Updated: Feb 16, 2017
Quiz Scoreboard
CHALLENGE
Sign Up to Join the Scoreboard
Show All
Scores
Hide
Comments
May contain spoilers
Recently Published
Find the 'City' Movie
by crazypaving
Movies
60s
5x2 Blitz: Bands
by SL_Kpop136
Music
30s
Colored Red Africa Blitz
by spor1
Geography
30s
More to Explore
Quiz From the Vault
Featured Blog Post
14 Easter Pick-up Lines to Find Eggs With
hide this ad
You Might Also Like...
Tags
NFL Quiz
team
Today's Top Quizzes in Sports
Browse Sports
hide this ad
Today's Top Quizzes in NFL
Browse NFL
Top Contributed Quizzes in Sports
1
Players with Multiple 50 Home Run Seasons
2
Les entraîneurs de l'OM et du PSG au 21e siècle
3
Criteria MLB: Left Handed Sluggers
4
2022 World Cup Stars
5
Les meilleurs buteurs des matchs entre le PSG et l’OM
6
Who Hit More Homers?
7
Les joueurs passés par le PSG et l'OM
8
NBA Logic Puzzle 2.0
9
Top 10 NHL Goal Scorers of All Time
10
MLB Players with Two .350 Batting Average Seasons
Explore More
Trending Topics
Kpop
NBA
Marvel
Disney
Crossword
Harry Potter
Anime
Puzzle
Country
WWE
NFL
Soccer
Pokémon
The Office
Song
hide this ad
More By:
adinse
Quiz
Plays
Rating
Category
Featured
Created
25 Most Dangerous US Cities 2014
377
1.92
Geography
Oct 14, 2014
Woche 6 Deutsch
342
Language
Oct 9, 2014
Deutsch 3 Woche 15 German 3 Week 15
279
Language
Feb 19, 2015
Kirche Worten Tiel 2 - German / Deutch
194
Language
Dec 15, 2014
Can you name all the NFL teams?
95
3.25
Sports
Feb 11, 2015
Go to Creator's Profile
Score Distribution
Quiz Creator Spotlight
adinse
Follow
Send a Message
Quizzes Created
-
Created Quiz Play Count
-
More By This Creator
Popular Quizzes Today
1
Colored Red Africa Blitz
2
Find the US States - No Outlines Minefield
3
Find the 'City' Movie
4
5x2 Blitz: Bands
5
The Countries of the World
6
Find the US States
7
US States
8
9x9 Crossword: Cartoon Network
More Sports Quizzes
Jordan Henderson's Cup Final XI's
Quiz Lab
Trending Quizzes
Colored Red Europe Blitz I
Colored Red Europe Blitz II
Colored Red Africa Blitz II
Colored Red Africa Blitz III
Colored Red Europe Blitz III
Recently Updated
Godzilla Movies
pecheneg
Grab Bag: 4-10 Letters
pecheneg
2024 March Madness Bracket
pecheneg
Famous TV Couples
Peacemaker
Champions League XIs: Real Madrid
pecheneg
Largest US Cities 1790-2010
pecheneg
Rides in Walt Disney World
pecheneg
Most Oscar Losses (Acting)
pecheneg
Beyoncé Albums
pecheneg
Leaping Animals
pecheneg
Trending Topics
Disney
Crossword
Anime
Kpop
NBA
Marvel
Harry Potter
Song
Puzzle
WWE
Country
Soccer
Pokémon
NFL
The Office
Your Account Isn't Verified!
In order to create a playlist on Sporcle, you need to verify the email address you used during registration. Go to your
Sporcle Settings
to finish the process.
Report this User
Report this user for behavior that violates our
Community Guidelines
.
Details:
Send Report
Go to the Sporcle.com Mobile Site →
Comments